[Event "GER-ch Youth U14 2020"]
[Site "Willingen"]
[Date "2020.10.23"]
[Round "6.18"]
[White "Meuer, David"]
[Black "Niemann, Leon"]
[Result "1/2-1/2"]
[WhiteElo "1632"]
[BlackElo "1880"]
[Annotator "NA RC"]
[PlyCount "152"]
[EventDate "2020.10.20"]
[EventType "swiss"]
[EventRounds "7"]
[EventCountry "GER"]
[SourceTitle "playchess.com"]
[Source "ChessBase"]
[SourceQuality "1"]
[TimeControl "40/5400+30:1800+30"]

1. e4 {[%emt 0:00:00]} c5 {[%emt 0:00:00]} 2. c3 {[%emt 0:00:00]} Nf6 {[%emt 0:00:00]} 3. e5 {[%emt 0:00:00]} Nd5 {[%emt 0:00:00]} 4. d4 {[%emt 0:00:00]} cxd4 {[%emt 0:00:00]} 5. cxd4 {[%emt 0:00:02]} Nc6 {[%emt 0:00:00]} 6. Nf3 {[%emt 0:00:07]} g6 {[%emt 0:00:37]} 7. Bc4 {[%emt 0:01:07]} Nb6 {[%emt 0:00:07]} 8. Bb3 {[%emt 0:02:49]} Bg7 {[%emt 0:04:14]} 9. O-O {[%emt 0:03:15]} O-O {[%emt 0:00:41]} 10. Nc3 {[%emt 0:02:01]} d6 {[%emt 0:03:27] B22: Sicilian: 2 c3.} 11. Bf4 {[%emt 0:19:45]} Bg4 {[%emt 0:05:12]} 12. Re1 {[%emt 0:12:40]} Bxf3 {[%emt 0:11:11]} 13. Qxf3 {[%emt 0:02:01]} Nxd4 {[%emt 0:10:14]} 14. Qxb7 {[%emt 0:01:14] [#]} Rb8 $146 {[%emt 0:15:22]} ({Predecessor:} 14... a5 15. exd6 exd6 16. Rad1 a4 17. Bd5 Rb8 18. Qa7 a3 19. Qxa3 Nxd5 20. Nxd5 Rxb2 21. Ne7+ Kh8 22. Bh6 Re2 23. Bxg7+ Kxg7 24. Qc3 {½-½ (24) Elier,A (1885)-Wendler,D (2107) Walldorf 2017}) 15. Qe4 {[%emt 0:02:51]} Nxb3 {[%emt 0:08:12]} 16. axb3 {[%emt 0:00:13]} dxe5 {[%emt 0:00:42]} 17. Bxe5 {[%emt 0:00:14]} Bxe5 {[%emt 0:01:56]} 18. Qxe5 {[%emt 0:00:15]} Rb7 {[%emt 0:00:13]} 19. h4 {[%emt 0:09:13]} Qb8 {[%emt 0:03:57]} 20. Qg5 {[%emt 0:05:40]} Nc8 {[%emt 0:11:15]} 21. h5 {[%emt 0:10:20]} Rxb3 {[%emt 0:00:16]} 22. Nd5 {[%emt 0:00:53]} Rxb2 {[%emt 0:06:39]} 23. Rxe7 {[%emt 0:03:30]} Rxf2 $1 {[%emt 0:02:08]} 24. Kxf2 {[%emt 0:05:45]} Qb2+ {[%emt 0:00:08]} 25. Kg3 {[%emt 0:02:16]} Qxa1 {[%emt 0:03:23]} 26. Nf6+ {[%emt 0:05:57]} Kg7 {[%emt 0:04:37]} 27. Ne8+ {[%emt 0:02:52]} Kg8 {[%emt 0:08:11]} 28. Nf6+ {[%emt 0:00:54]} Kg7 {[%emt 0:00:05]} 29. Ne8+ {[%emt 0:00:05]} Kh8 {[%emt 0:00:04]} 30. Qh6 {[%emt 0:02:56]} Nxe7 {[%emt 0:00:02]} 31. Qxf8+ {[%emt 0:00:31]} Ng8 {[%emt 0:00:01]} 32. Qxf7 {[%emt 0:00:41]} Qe5+ {[%emt 0:01:39]} 33. Kh3 {[%emt 0:00:48]} Qf5+ {[%emt 0:01:06]} 34. Qxf5 {[%emt 0:00:16]} gxf5 {[%emt 0:00:01]} 35. Nd6 {[%emt 0:01:37]} a5 {[%emt 0:00:54]} 36. Nxf5 {[%emt 0:00:40]} a4 {[%emt 0:00:05]} 37. Ne3 {[%emt 0:00:22]} a3 {[%emt 0:00:16]} 38. Nc2 {[%emt 0:00:14]} a2 {[%emt 0:00:01]} 39. Kg3 {[%emt 0:01:03]} Nf6 {[%emt 0:01:40]} 40. Kh4 {[%emt 0:01:54]} Kg7 {[%emt 0:00:26]} 41. g4 {[%emt 0:30:45]} Nd5 {[%emt 0:04:03]} 42. g5 {[%emt 0:00:00]} Kf8 {[%emt 0:00:11]} 43. Kg3 {[%emt 0:00:00]} Ke7 {[%emt 0:02:18]} 44. Kf3 $1 {[%emt 0:00:00]} Kd6 {[%emt 0:01:51]} 45. Ke4 {[%emt 0:00:00]} Ne7 {[%emt 0:18:22]} 46. Kd4 {[%emt 0:00:00]} Ke6 {[%emt 0:01:53]} 47. g6 $11 {[%emt 0:00:00]} Nxg6 {[%emt 0:03:09]} 48. Kc3 {[%emt 0:00:00]} Nf4 {[%emt 0:00:54]} 49. Kb2 {[%emt 0:00:00]} Nxh5 {[%emt 0:00:07]} 50. Kxa2 {[%emt 0:00:00]} Nf4 {[%emt 0:00:40]} 51. Kb1 {[%emt 0:00:00]} h5 {[%emt 0:02:14]} 52. Nd4+ {[%emt 0:00:00]} Kd5 {[%emt 0:00:07]} 53. Nf3 {[%emt 0:00:00]} Ng2 {[%emt 0:00:39]} 54. Kc1 {[%emt 0:00:00]} Ke4 {[%emt 0:00:03]} 55. Ng5+ {[%emt 0:00:00]} Kf4 {[%emt 0:01:10]} 56. Nh3+ {[%emt 0:00:00]} Kg3 {[%emt 0:00:36]} 57. Ng5 {[%emt 0:00:00]} h4 {[%emt 0:00:06]} 58. Kd2 {[%emt 0:00:33]} Kf4 {[%emt 0:00:54]} 59. Nh3+ {[%emt 0:00:38]} Kg4 {[%emt 0:00:29]} 60. Ng1 {[%emt 0:01:25]} Kg3 {[%emt 0:00:38]} 61. Ke2 {[%emt 0:01:41]} Nf4+ {[%emt 0:00:09]} 62. Kf1 {[%emt 0:01:32]} Nd3 {[%emt 0:00:29]} 63. Ne2+ {[%emt 0:02:27]} Kh2 {[%emt 0:00:50]} 64. Ng1 {[%emt 0:00:25]} Ne5 {[%emt 0:00:34]} 65. Kf2 {[%emt 0:01:56]} Nd3+ {[%emt 0:00:27]} 66. Kf1 {[%emt 0:00:14]} Kg3 {[%emt 0:00:14]} 67. Ne2+ {[%emt 0:00:22]} Kg4 {[%emt 0:00:21]} 68. Ng1 {[%emt 0:00:45]} Ne5 {[%emt 0:00:57]} 69. Kf2 {[%emt 0:00:39]} Nc4 {[%emt 0:00:28]} 70. Kg2 {[%emt 0:00:42]} Nd6 {[%emt 0:00:07]} 71. Kf2 {[%emt 0:00:21]} Nf5 {[%emt 0:00:31]} 72. Kg2 {[%emt 0:00:40]} Ne7 {[%emt 0:00:23]} 73. Kf2 {[%emt 0:00:11]} Ng6 {[%emt 0:00:08]} 74. Kg2 {[%emt 0:01:28]} Kf4 {[%emt 0:00:06]} 75. Nf3 {[%emt 0:00:22]} Ke3 {[%emt 0:01:35]} 76. Nxh4 {[%emt 0:00:13]} Nxh4+ 1/2-1/2

[Event "GER-ch Youth U14 2020"]
[Site "Willingen"]
[Date "2020.10.23"]
[Round "6.19"]
[White "Mimkes, Antal"]
[Black "Pfeffer, Samuel"]
[Result "1/2-1/2"]
[WhiteElo "1567"]
[BlackElo "1427"]
[Annotator "NA"]
[PlyCount "112"]
[EventDate "2020.10.20"]
[EventType "swiss"]
[EventRounds "7"]
[EventCountry "GER"]
[SourceTitle "playchess.com"]
[Source "ChessBase"]
[SourceQuality "1"]
[TimeControl "40/5400+30:1800+30"]

1. e4 {[%emt 0:00:00]} e5 {[%emt 0:00:00]} 2. f4 {[%emt 0:00:00]} Bc5 {[%emt 0:01:05]} 3. Nf3 {[%emt 0:00:26]} d6 {[%emt 0:01:28]} 4. Bc4 {[%emt 0:00:58]} Nc6 {[%emt 0:01:35]} 5. Nc3 {[%emt 0:01:22]} Nf6 {[%emt 0:02:25]} 6. d3 {[%emt 0:01:34]} Bg4 {[%emt 0:03:47]} 7. h3 {[%emt 0:01:14]} Bxf3 {[%emt 0:00:51]} 8. Qxf3 {[%emt 0:00:20]} Nd4 {[%emt 0:04:17]} 9. Qd1 {[%emt 0:00:38]} Nd7 {[%emt 0:01:28]} 10. g3 {[%emt 0:03:04]} c6 {[%emt 0:04:32]} 11. Na4 {[%emt 0:02:10]} Qa5+ {[%emt 0:01:51]} 12. c3 {[%emt 0:00:34]} b5 {[%emt 0:22:34]} 13. Nxc5 {[%emt 0:07:36]} dxc5 {[%emt 0:00:03]} 14. Bd2 {[%emt 0:03:27]} Nc2+ {[%emt 0:02:54]} 15. Qxc2 {[%emt 0:00:35]} bxc4 {[%emt 0:00:26]} 16. dxc4 {[%emt 0:01:18]} exf4 {[%emt 0:05:02]} 17. Bxf4 {[%emt 0:00:20]} O-O {[%emt 0:01:42]} 18. O-O {[%emt 0:01:29]} Rfe8 {[%emt 0:03:27]} 19. Bd6 {[%emt 0:02:13]} Re6 {[%emt 0:02:19]} 20. Qf2 {[%emt 0:08:40]} f6 {[%emt 0:03:31]} 21. Qf4 {[%emt 0:08:01]} Rae8 {[%emt 0:03:40]} 22. Bc7 {[%emt 0:03:29]} Qa6 {[%emt 0:01:56]} 23. Qd2 {[%emt 0:06:07]} Qc8 {[%emt 0:04:10]} 24. Bf4 {[%emt 0:03:28]} Nb6 {[%emt 0:01:44]} 25. b3 {[%emt 0:02:53]} Rxe4 {[%emt 0:01:25]} 26. Rae1 {[%emt 0:01:26]} a5 {[%emt 0:02:04]} 27. Rxe4 {[%emt 0:01:05]} Rxe4 {[%emt 0:00:02]} 28. Re1 {[%emt 0:02:21]} Rxe1+ {[%emt 0:03:47]} 29. Qxe1 {[%emt 0:01:03]} Qd7 {[%emt 0:01:44]} 30. Bc7 {[%emt 0:01:32]} Nc8 {[%emt 0:01:58]} 31. Bxa5 {[%emt 0:01:13]} Kf7 {[%emt 0:00:45]} 32. Kg2 {[%emt 0:01:33]} Qd3 {[%emt 0:03:17]} 33. Qf2 {[%emt 0:03:45]} Nd6 {[%emt 0:02:06]} 34. Kh2 {[%emt 0:03:55]} Ne4 {[%emt 0:01:40]} 35. Qg2 {[%emt 0:01:24]} Ng5 {[%emt 0:00:52]} 36. Qf2 {[%emt 0:05:04]} Ne4 {[%emt 0:03:06]} 37. Qe1 {[%emt 0:01:37]} Ng5 {[%emt 0:02:23]} 38. Kg2 {[%emt 0:03:49]} Qf3+ {[%emt 0:01:19]} 39. Kg1 {[%emt 0:02:50]} Nxh3+ {[%emt 0:00:19]} 40. Kh2 {[%emt 0:00:07]} Ng5 {[%emt 0:00:32]} 41. Bc7 {[%emt 0:33:53]} Qd3 {[%emt 0:35:17]} 42. Kg2 {[%emt 0:01:10]} Qf3+ {[%emt 0:00:00]} 43. Kg1 {[%emt 0:00:00]} Qg4 {[%emt 0:00:00]} 44. Qf1 {[%emt 0:00:00]} Ne4 {[%emt 0:00:00]} 45. Qd3 {[%emt 0:00:00]} h5 {[%emt 0:00:00]} 46. Kf1 {[%emt 0:00:00]} h4 {[%emt 0:00:00]} 47. gxh4 {[%emt 0:00:00]} Qxh4 {[%emt 0:00:00]} 48. Ke2 {[%emt 0:00:00]} Qf2+ {[%emt 0:00:00]} 49. Kd1 {[%emt 0:00:00]} Qg2 {[%emt 0:00:00]} 50. Kc1 {[%emt 0:00:00]} Qg1+ {[%emt 0:00:00]} 51. Kb2 {[%emt 0:00:00]} Qe1 {[%emt 0:00:00]} 52. a4 {[%emt 0:00:00]} Nf2 {[%emt 0:00:00]} 53. Qc2 {[%emt 0:00:00]} Nd1+ {[%emt 0:00:00]} 54. Ka3 {[%emt 0:00:00]} Nxc3 {[%emt 0:00:00]} 55. Kb2 {[%emt 0:00:00]} Nd1+ {[%emt 0:00:00]} 56. Ka2 {[%emt 0:00:00]} Nc3+ {[%emt 0:00:00]} 1/2-1/2

[Event "GER-ch Youth U14 2020"]
[Site "Willingen"]
[Date "2020.10.23"]
[Round "6.20"]
[White "Ehrig, Leon Chris"]
[Black "Brunner, Alexander"]
[Result "1-0"]
[WhiteElo "1718"]
[BlackElo "1692"]
[Annotator "NA RC"]
[PlyCount "56"]
[EventDate "2020.10.20"]
[EventType "swiss"]
[EventRounds "7"]
[EventCountry "GER"]
[SourceTitle "playchess.com"]
[Source "ChessBase"]
[SourceQuality "1"]
[TimeControl "40/5400+30:1800+30"]

1. e4 {[%emt 0:00:00]} c5 {[%emt 0:00:00]} 2. d4 {[%emt 0:00:00]} cxd4 {[%emt 0:00:20]} 3. c3 {[%emt 0:00:00]} dxc3 {[%emt 0:00:24]} 4. Nxc3 {[%emt 0:00:00]} Nc6 {[%emt 0:04:19]} 5. Nf3 {[%emt 0:00:04]} e5 {[%emt 0:05:41]} 6. Bc4 {[%emt 0:00:23]} a6 {[%emt 0:05:43]} 7. O-O {[%emt 0:01:22]} b5 {[%emt 0:01:02]} 8. Bb3 {[%emt 0:01:22]} Bc5 {[%emt 0:01:34]} 9. Bxf7+ {[%emt 0:00:36]} Kf8 {[%emt 0:10:50]} 10. Bd5 {[%emt 0:02:13]} Qc7 {[%emt 0:00:41]} 11. a3 {[%emt 0:05:31]} Bb7 {[%emt 0:13:48]} 12. b4 {[%emt 0:01:48]} Bd4 {[%emt 0:01:38]} 13. Bb2 {[%emt 0:04:30]} Rd8 {[%emt 0:00:51]} 14. Rc1 {[%emt 0:00:40]} Qb6 {[%emt 0:02:51]} 15. Bxg8 {[%emt 0:03:08]} Rxg8 {[%emt 0:00:46]} 16. Nd5 {[%emt 0:00:30]} Qa7 {[%emt 0:00:13]} 17. Nxd4 {[%emt 0:00:44]} Nxd4 {[%emt 0:02:21]} 18. Bxd4 {[%emt 0:00:08]} Qxd4 {[%emt 0:00:10]} 19. Qf3+ {[%emt 0:02:13]} Ke8 {[%emt 0:02:30]} 20. Rfd1 {[%emt 0:00:33]} Qb2 {[%emt 0:01:26]} 21. Qh5+ {[%emt 0:01:01]} g6 {[%emt 0:00:44]} 22. Qxh7 {[%emt 0:04:10]} Bxd5 {[%emt 0:00:10]} 23. exd5 {[%emt 0:00:05]} Kf8 {[%emt 0:05:43]} 24. d6 {[%emt 0:02:03]} Re8 {[%emt 0:00:31]} 25. Qxd7 {[%emt 0:00:54]} Rg7 {[%emt 0:01:28]} 26. Qg4 {[%emt 0:01:22]} Rf7 {[%emt 0:01:59]} 27. Qh4 {[%emt 0:00:46]} Kg7 {[%emt 0:00:21]} 28. d7 {[%emt 0:00:22]} Rxd7 1-0

[Event "GER-ch Youth U14 2020"]
[Site "Willingen"]
[Date "2020.10.23"]
[Round "6.21"]
[White "Wiedersich, Hendryk"]
[Black "Raasch, Hauke"]
[Result "0-1"]
[WhiteElo "1570"]
[BlackElo "1676"]
[Annotator "NA"]
[PlyCount "77"]
[EventDate "2020.10.20"]
[EventType "swiss"]
[EventRounds "7"]
[EventCountry "GER"]
[SourceTitle "playchess.com"]
[Source "ChessBase"]
[SourceQuality "1"]
[TimeControl "40/5400+30:1800+30"]

1. d4 {[%emt 0:00:00]} d5 {[%emt 0:00:00]} 2. Nc3 {[%emt 0:00:00]} c6 {[%emt 0:00:00]} 3. e4 {[%emt 0:00:10]} dxe4 {[%emt 0:00:00]} 4. Nxe4 {[%emt 0:00:11]} Bf5 {[%emt 0:00:05]} 5. Ng3 {[%emt 0:00:26]} Bg6 {[%emt 0:00:05]} 6. Nf3 {[%emt 0:01:32]} Nd7 {[%emt 0:00:04]} 7. Bd3 {[%emt 0:00:17]} Bxd3 {[%emt 0:01:10]} 8. Qxd3 {[%emt 0:00:08]} e6 {[%emt 0:00:39]} 9. c3 {[%emt 0:00:29]} Ngf6 {[%emt 0:01:44]} 10. Bg5 {[%emt 0:00:56]} Be7 {[%emt 0:00:41]} 11. O-O-O {[%emt 0:00:25]} Qc7 {[%emt 0:09:37]} 12. Bxf6 {[%emt 0:10:57]} Nxf6 {[%emt 0:02:01]} 13. Ne5 {[%emt 0:02:42]} Nd7 {[%emt 0:03:46]} 14. Rhe1 {[%emt 0:04:29]} O-O-O {[%emt 0:06:49]} 15. Qe4 {[%emt 0:08:40]} Nxe5 {[%emt 0:01:34]} 16. Qxe5 {[%emt 0:01:33]} Qxe5 {[%emt 0:00:59]} 17. dxe5 {[%emt 0:00:22]} Rxd1+ {[%emt 0:02:06]} 18. Kxd1 {[%emt 0:03:00]} Rd8+ {[%emt 0:00:27]} 19. Kc2 {[%emt 0:00:13]} Rd5 {[%emt 0:02:45]} 20. f4 {[%emt 0:00:56]} c5 {[%emt 0:20:03]} 21. Re3 {[%emt 0:10:18]} c4 {[%emt 0:02:54]} 22. Ne2 {[%emt 0:01:28]} Bc5 {[%emt 0:02:43]} 23. Re4 {[%emt 0:03:22]} b5 {[%emt 0:01:33]} 24. a4 {[%emt 0:01:06]} a6 {[%emt 0:01:24]} 25. axb5 {[%emt 0:02:11]} axb5 {[%emt 0:00:09]} 26. Nd4 {[%emt 0:00:31]} Bxd4 {[%emt 0:04:39]} 27. Rxd4 {[%emt 0:01:38]} Rxd4 {[%emt 0:11:41]} 28. cxd4 {[%emt 0:00:09]} b4 {[%emt 0:00:04]} 29. Kd2 {[%emt 0:00:10]} Kd7 {[%emt 0:00:08]} 30. Ke3 {[%emt 0:00:35]} Kc6 {[%emt 0:00:06]} 31. Ke4 {[%emt 0:00:11]} b3 {[%emt 0:00:15]} 32. d5+ {[%emt 0:00:44]} exd5+ {[%emt 0:01:50]} 33. Kd4 {[%emt 0:00:08]} h5 {[%emt 0:02:19]} 34. g3 {[%emt 0:09:23]} Kd7 {[%emt 0:00:22]} 35. h3 {[%emt 0:00:37]} Ke6 {[%emt 0:00:07]} 36. g4 {[%emt 0:00:08]} hxg4 {[%emt 0:00:04]} 37. hxg4 {[%emt 0:00:04]} g6 {[%emt 0:00:03]} 38. Kc3 g5 39. f5+ 0-1

[Event "GER-ch Youth U14 2020"]
[Site "Willingen"]
[Date "2020.10.23"]
[Round "6.22"]
[White "Bock, Marlon"]
[Black "Lerchl, Clemens"]
[Result "1/2-1/2"]
[WhiteElo "1776"]
[BlackElo "1699"]
[Annotator "NA"]
[PlyCount "56"]
[EventDate "2020.10.20"]
[EventType "swiss"]
[EventRounds "7"]
[EventCountry "GER"]
[SourceTitle "playchess.com"]
[Source "ChessBase"]
[SourceQuality "1"]
[TimeControl "40/5400+30:1800+30"]

1. d4 {[%emt 0:00:00]} Nf6 {[%emt 0:00:00]} 2. Nf3 {[%emt 0:00:00]} g6 {[%emt 0:00:00]} 3. Nc3 {[%emt 0:00:00]} d5 {[%emt 0:00:00]} 4. Bf4 {[%emt 0:00:17]} Bg7 {[%emt 0:00:00]} 5. Qd2 {[%emt 0:00:45]} O-O {[%emt 0:00:07]} 6. Bh6 {[%emt 0:00:57]} c5 {[%emt 0:02:44]} 7. Bxg7 {[%emt 0:02:33]} Kxg7 {[%emt 0:00:06]} 8. dxc5 {[%emt 0:01:42]} Qa5 {[%emt 0:00:25]} 9. Ne4 {[%emt 0:05:42]} Qxd2+ {[%emt 0:05:13]} 10. Nexd2 {[%emt 0:00:06]} Na6 {[%emt 0:01:47]} 11. Nb3 {[%emt 0:03:59]} Ne4 {[%emt 0:05:20]} 12. e3 {[%emt 0:04:28]} Naxc5 {[%emt 0:05:12]} 13. Nxc5 {[%emt 0:02:09]} Nxc5 {[%emt 0:00:36]} 14. Rd1 {[%emt 0:01:54]} e6 {[%emt 0:07:01]} 15. Be2 {[%emt 0:02:19]} b6 {[%emt 0:04:00]} 16. Nd4 {[%emt 0:07:28]} Ba6 {[%emt 0:03:53]} 17. Nb5 {[%emt 0:02:26]} Bxb5 {[%emt 0:12:27]} 18. Bxb5 {[%emt 0:00:37]} a6 {[%emt 0:00:32]} 19. Be2 {[%emt 0:01:19]} Na4 {[%emt 0:03:14]} 20. Rb1 {[%emt 0:04:42]} Rfc8 {[%emt 0:01:29]} 21. c3 {[%emt 0:07:53]} b5 {[%emt 0:01:36]} 22. O-O {[%emt 0:00:57]} Nb6 {[%emt 0:01:04]} 23. Rfd1 {[%emt 0:03:19]} Nc4 {[%emt 0:03:55]} 24. Kf1 {[%emt 0:04:29]} Rab8 {[%emt 0:05:07]} 25. Ke1 {[%emt 0:04:52]} b4 {[%emt 0:12:41]} 26. Bxc4 {[%emt 0:08:29]} Rxc4 {[%emt 0:09:45]} 27. cxb4 {[%emt 0:01:23]} Rbxb4 {[%emt 0:01:19]} 28. b3 {[%emt 0:00:50]} Rc5 {[%emt 0:05:13]} 1/2-1/2

[Event "GER-ch Youth U14 2020"]
[Site "Willingen"]
[Date "2020.10.24"]
[Round "7.1"]
[White "Bui, Bao Anh Le"]
[Black "Laux, Dominik"]
[Result "1/2-1/2"]
[WhiteElo "2149"]
[BlackElo "2009"]
[Annotator "TA"]
[PlyCount "57"]
[EventDate "2020.10.20"]
[EventType "swiss"]
[EventRounds "7"]
[EventCountry "GER"]
[SourceTitle "playchess.com"]
[Source "ChessBase"]
[SourceQuality "1"]

{[%evp 24,56,39,21,29,24,20,13,18,0,0,0,3,0,0,0,0,0,0,0,0,0,0,0,0,0,0,0,0,0,0,0,0,0,0]} 1. e4 c5 2. Nf3 d6 3. d4 cxd4 4. Nxd4 Nf6 5. Nc3 a6 6. Be3 Ng4 7. Bc1 Nf6 8. Be3 Ng4 9. Bg5 h6 10. Bh4 g5 11. Bg3 Bg7 {11...Bg7 has lost popularity.} 12. h3 Ne5 13. Nf5 Bxf5 $1 {B90: Sicilian Najdorf: Unusual White 6th moves, 6 Be3 Ng4 and 6 Be3 e5.} 14. exf5 Nbc6 15. Nd5 {The position is equal.} e6 16. fxe6 fxe6 17. Ne3 Qa5+ 18. c3 Nf3+ $1 19. Qxf3 Bxc3+ $1 20. Kd1 Qa4+ $1 21. Nc2 Bxb2 22. Rc1 ({Reject} 22. Rb1 Qxa2 23. Rxb2 Qxb2 $17) 22... Rc8 23. Bd3 {[#] And now Re1 would win.} Rf8 $1 {[%cal Rf8f3]} 24. Qh5+ ({Don't play} 24. Bg6+ Ke7 $17) 24... Ke7 25. Qxh6 {Strongly threatening Ke2.} Bxc1 26. Kxc1 {aiming for Rd1.} Nb4 {[%cal Rc8c2]} 27. Qxg5+ Rf6 {[%cal Rc8c2] ( -> ...Rxc2+)} 28. Qg7+ {[#]} Ke8 $1 {[%mdl 512] [#] A rather calm draw. Av CentiPawn Loss W=-1/B=0. Weighted=-2/0} {Predecessor:} 29. Qg8+ $146 1/2-1/2

[Event "GER-ch Youth U14 2020"]
[Site "Willingen"]
[Date "2020.10.24"]
[Round "7.2"]
[White "Bakiev, Diyor"]
[Black "Hagner, Bennet"]
[Result "1/2-1/2"]
[WhiteElo "2070"]
[BlackElo "2080"]
[Annotator "TA"]
[PlyCount "54"]
[EventDate "2020.10.20"]
[EventType "swiss"]
[EventRounds "7"]
[EventCountry "GER"]
[SourceTitle "playchess.com"]
[Source "ChessBase"]
[SourceQuality "1"]

{[%evp 9,54,-69,-8,-12,2,-10,-9,-1,-8,-23,-25,-27,-15,-42,-12,-11,-10,-24,-20,-32,-20,-33,-27,-38,-36,-30,-37,-47,-45,-56,-56,-56,-56,-53,-35,-83,-89,-81,-40,-75,0,0,0,0,0,0,61]} 1. b3 d5 2. Bb2 Nf6 3. e3 g6 4. Bxf6 exf6 5. c4 Bg7 (5... d4 $15) 6. cxd5 $11 {A01: Nimzowitsch-Larsen Opening.} Qxd5 7. Nc3 Qa5 8. Rc1 c6 9. Nf3 O-O 10. Be2 {[#]} f5 $146 ({Predecessor:} 10... Na6 11. O-O Rd8 12. d4 Be6 13. Qe1 Bf8 14. Bc4 Bg4 15. Ne4 Bb4 16. Qe2 Qf5 {1-0 (50) Cabarkapa,N (2465)-Omorjan,D (2239) Novi Banovci 2020}) 11. d4 Nd7 12. O-O Nf6 13. Nd2 Be6 14. Nc4 Qc7 15. Bf3 Rad8 16. Qe2 Rfe8 17. Rfd1 {[#]} Ne4 $1 {[%mdl 512]} 18. Bxe4 (18. Nxe4 fxe4) 18... fxe4 19. Nd2 f5 20. Na4 Bd5 21. g3 g5 22. Nb1 f4 23. Nbc3 f3 24. Qf1 $1 Bf7 ({Better is} 24... Qf7 $17) 25. Nc5 {The position is equal.} Bg6 26. Qc4+ Bf7 27. Qf1 $1 Ra8 {Av CentiPawn Loss W=-8/B=-11. Weighted=-8/-9} (27... Bg6 $11) 1/2-1/2

[Event "GER-ch Youth U14 2020"]
[Site "Willingen"]
[Date "2020.10.24"]
[Round "7.3"]
[White "Albert, Markus"]
[Black "Ohler, Julius"]
[Result "1-0"]
[WhiteElo "1727"]
[BlackElo "2011"]
[Annotator "TA"]
[PlyCount "49"]
[EventDate "2020.10.20"]
[EventType "swiss"]
[EventRounds "7"]
[EventCountry "GER"]
[SourceTitle "playchess.com"]
[Source "ChessBase"]
[SourceQuality "1"]

{[%evp 14,49,33,32,45,45,58,34,51,47,55,13,64,52,56,20,42,0,33,31,31,73,77,89,76,59,39,38,332,120,275,274,259,259,258,258,762,745]} 1. e4 c6 2. d4 d5 3. Nc3 dxe4 4. Nxe4 Nf6 5. Nxf6+ exf6 6. c3 Bd6 7. Bd3 O-O 8. Qc2 (8. Ne2 {keeps more tension.} Re8 9. O-O c5 10. Be3 cxd4 11. Nxd4 Nc6 12. Re1) 8... h5 {B15: Caro-Kann: 3 Nc3: 3...g6 and 3...dxe4 4 Nxe4 Nf6 5 Nxf6+ exf6.} 9. Ne2 Re8 10. Be3 h4 {White is slightly better.} 11. O-O-O Be6 {[#]} 12. Kb1 $146 ({Predecessor:} 12. c4 a5 13. Nc3 Na6 14. a3 Qb8 15. Qe2 f5 16. Qh5 b5 17. c5 b4 18. axb4 axb4 {½-½ (36) Shevchenko,K (2549)-Gumularz,S (2441) Porto Carras 2018}) 12... Nd7 (12... Bd5 $1 $11) 13. g3 Qa5 14. b3 Qh5 15. gxh4 Bd5 16. Rhg1 Bf3 $1 17. Rde1 Bxh2 18. Ng3 $36 {[%mdl 2048] Black is under strong pressure.} Qh8 19. Nf5 Bxg1 20. Rxg1 Kf8 $2 {[%mdl 8192] [#]} ({Better is} 20... g6 $14) 21. Bf4 $2 ({Much less strong is} 21. Nxg7 Qxg7 22. Rxg7 Kxg7) (21. Rxg7 $18 {is more deadly. Threatens to win with Qc1.} Qxg7 22. Nxg7 Kxg7 23. Qc1) 21... Re6 $2 (21... g6 $16 {keeps fighting.}) 22. Nxg7 $18 ({Don't take} 22. Rxg7 $6 Qxg7 23. Nxg7 Kxg7 $18) 22... Qxg7 23. Rxg7 Kxg7 24. Qc1 Nf8 $2 {[#]} (24... Be4) 25. Bh6+ {Av CentiPawn Loss W=-20/B=-62. Weighted=-40/-116} 1-0

[Event "GER-ch Youth U14 2020"]
[Site "Willingen"]
[Date "2020.10.24"]
[Round "7.4"]
[White "Eilenberg, Jonas"]
[Black "Tham, Nam"]
[Result "0-1"]
[WhiteElo "2242"]
[BlackElo "1890"]
[Annotator "TA"]
[PlyCount "46"]
[EventDate "2020.10.20"]
[EventType "swiss"]
[EventRounds "7"]
[EventCountry "GER"]
[SourceTitle "playchess.com"]
[Source "ChessBase"]
[SourceQuality "1"]

{[%evp 17,46,17,27,6,15,-6,22,-32,-52,-41,-45,-75,-81,-99,-93,-87,-97,-160,-156,-168,-157,-205,-192,-237,-229,-478,-482,-687,-667,-627,-626]} 1. d4 d5 2. c4 e6 3. Nf3 c6 4. Nbd2 f5 5. g3 Nf6 6. Bg2 Bd6 7. O-O O-O 8. Rb1 {Recently 8.Ne5 got a lot of attention.} Ne4 9. Qc2 Nd7 {[%cal Bb8d7,Bd7b6,Bb6c4][%mdl 32]} 10. b4 {A90: Dutch Defence: Miscellaneous and Modern Stonewall (with ...Bd6).} Qe7 11. b5 {[#]} cxb5 $146 ({Predecessor:} 11... Ndf6 12. Ne5 cxb5 13. Rxb5 b6 14. Nxe4 dxe4 15. Qa4 Bb7 16. Bd2 Nd7 17. Bb4 a6 18. Bxd6 Qxd6 {½-½ (39) Reis,G (2202)-Kannenberg,K (2205) Bayern 2016}) 12. cxd5 (12. Rxb5 $11 b6 13. cxd5) 12... exd5 $15 13. Rxb5 Nb6 14. Rb1 Be6 15. Bb2 Rac8 16. Qd3 Nc4 17. Nxc4 (17. a4 $142) 17... dxc4 $17 18. Qc2 b5 {[%cal Bb7b5,Bb5b4][%mdl 32]} 19. Ne5 b4 20. Bxe4 fxe4 21. f4 $2 {[#]} (21. Bc1) 21... exf3 $19 {Black is clearly winning.} 22. exf3 (22. Rbe1 $142 Bxe5 23. dxe5 Qc5+ 24. e3) 22... Bxe5 23. dxe5 Bf5 {[%mdl 64] Skewer. White did not feel at home in the position after the opening. Av CentiPawn Loss W=-50/B=-4. Weighted=-49/-4} 0-1